| 000 | 00868cam a2200241 4500 | ||
|---|---|---|---|
| 008 | 050221t19971997sp a b 000 0 spa u | ||
| 020 | _a8420686751 | ||
| 035 | _aa444182 | ||
| 050 | 0 | 0 |
_aML410 _b.S56 M49 1997 |
| 100 | 1 | _aMeyer, Kryzstof. | |
| 245 | 1 | 0 |
_aShostakovich : _bsu vida, su obra, su época / _cKryzstof Meyer ; versión española de Ambrosio Berasain. |
| 260 |
_aMadrid : _bAlianza, _c1997. |
||
| 300 |
_a482 p. : _bils. ; _c21 cm. . |
||
| 440 | 0 |
_aAlianza música ; _vNo. 75 |
|
| 500 | _aTraducción de : Schostakowitsch. Sein leben, sein werk, seine zeit. | ||
| 504 | _aBibliografía : p. 427-432 | ||
| 504 | _aIncluye bibliografías e índice | ||
| 506 | _aRec. prop. esc. | ||
| 600 | 1 | 0 |
_aShostakovich, Dmitri, _d1906-1975 |
| 650 | 2 | 0 |
_aCompositores _zUnión Soviética _vBiografía |
| 700 | 1 | _aBerasain, Ambrosio, tr. | |
| 942 |
_2lcc _cLIB |
||
| 999 |
_c127869 _d127869 |
||